[Event "AUTO-OPEN-3894"]
[Site "http://www.queenalice.com/game.php?id=1512539"]
[Date "2018.1.19"]
[Round "1"]
[White "Deco30"]
[Black "davidherrera850"]
[Result "1-0"]
[WhiteElo "1765"]
[BlackElo "1423"]

1. e4 e5 2. Nf3 Nc6 3. Bb5 Nf6 4. d3 Bc5 5. Bxc6 dxc6 6. Nxe5 O-O 7. Bf4 Qd4 8.
O-O Be6 9. c3 Qd8 10. Nd2 a6 11. d4 Ba7 12. Qf3 c5 13. d5 Bc8 14. c4 b5 15. b3
Bd7 16. Qg3 Ng4 17. Nxg4 Kh8 18. Ne5 f6 19. Nxd7 Qxd7 20. Bxc7 Bb8 21. Bxb8
Raxb8 22. f3 f5 23. Qh3 bxc4 24. Nxc4 Qb5 25. Nd6 Qe2 26. Nxf5 Qd2 27. Qg4 Rg8
28. d6 Qc3 29. d7 Qf6 30. Rad1 a5 31. Rd6 Qf7 32. e5 Qg6 33. Rxg6 hxg6 34. Qh4#
1-0

[Event "AUTO-OPEN-3894"]
[Site "http://www.queenalice.com/game.php?id=1512562"]
[Date "2018.1.19"]
[Round "1"]
[White "Deco30"]
[Black "Zanocovsky"]
[Result "1-0"]
[WhiteElo "1741"]
[BlackElo "1654"]

1. e4 c5 2. c4 Nc6 3. Nf3 d6 4. d4 cxd4 5. Nxd4 e5 6. Nxc6 bxc6 7. c5 Qa5+ 8.
Nc3 Qxc5 9. Bd3 Nf6 10. O-O d5 11. Na4 Qd6 12. f3 Be7 13. f4 O-O 14. f5 dxe4 15.
Bc2 Bb7 16. Qxd6 Bxd6 17. Rd1 Rad8 18. h3 c5 19. g4 c4 20. Be3 Bb8 21. Rxd8 Rxd8
22. Bf2 h6 23. Nc5 Bc6 24. Na6 g6 25. Nxb8 Rxb8 26. Rb1 gxf5 27. Bxa7 Rd8 28.
gxf5 Rd2 29. Rc1 e3 30. Bxe3 1-0

[Event "AUTO-OPEN-3894"]
[Site "http://www.queenalice.com/game.php?id=1512563"]
[Date "2018.1.19"]
[Round "1"]
[White "Zanocovsky"]
[Black "Deco30"]
[Result "0-1"]
[WhiteElo "1641"]
[BlackElo "1754"]

1. d4 d5 2. c4 c6 3. Nf3 e6 4. Bf4 Bb4+ 5. Nc3 Bxc3+ 6. bxc3 Nd7 7. e3 dxc4 8.
Bxc4 b5 9. Bd3 a6 10. O-O Ngf6 11. e4 O-O 12. Ne5 Nxe5 13. Bxe5 Nd7 14. Bg3 f6
15. Qb3 Re8 16. Rad1 g5 17. h3 h6 18. Bd6 a5 19. e5 a4 20. Qc2 f5 21. g4 Nb6 22.
gxf5 Nd5 23. fxe6 Nf4 24. Bh7+ Kg7 25. Qf5 Bxe6 26. Qc2 Nxh3+ 27. Kg2 Nf4+ 28.
Kh2 Rh8 0-1

[Event "AUTO-INT-3311"]
[Site "http://www.queenalice.com/game.php?id=1527850"]
[Date "2018.5.20"]
[Round "2"]
[White "Deco30"]
[Black "ThiagoSousa"]
[Result "0-1"]
[WhiteElo "1780"]
[BlackElo "1684"]

1. e4 c5 2. Bc4 e6 3. d4 Nc6 4. c3 Nge7 5. Ne2 d5 6. exd5 Nxd5 7. Bb5 Bd7 8.
Bxc6 Bxc6 9. O-O Qc7 10. g3 cxd4 11. Nxd4 Bc5 12. Nxc6 Qxc6 13. c4 Ne7 14. Qe2
O-O 15. Rd1 Nf5 0-1

[Event "AUTO-INT-3311"]
[Site "http://www.queenalice.com/game.php?id=1527851"]
[Date "2018.5.20"]
[Round "2"]
[White "ThiagoSousa"]
[Black "Deco30"]
[Result "1-0"]
[WhiteElo "1704"]
[BlackElo "1760"]

1. e4 e5 2. Nf3 Nc6 3. Bb5 a6 4. O-O axb5 5. Qe2 Ra5 6. d3 d6 7. Bd2 Ra8 8. d4
Na7 9. dxe5 Bg4 10. Nc3 dxe5 11. Rad1 Bd6 12. Be3 Bxf3 13. Qxf3 c6 14. Bb6 Qe7
15. a3 1-0

[Event "AUTO-INT-3301"]
[Site "http://www.queenalice.com/game.php?id=1530699"]
[Date "2018.6.11"]
[Round "2"]
[White "byyonico"]
[Black "Deco30"]
[Result "1/2-1/2"]
[WhiteElo "1776"]
[BlackElo "1731"]

1. e4 e5 2. Nf3 Nc6 3. c3 Bc5 4. Bc4 Qf6 5. O-O d6 6. d3 Bg4 7. Bg5 Qg6 8. Bh4
h6 9. Nbd2 Bh3 10. g3 Bxf1 11. Qxf1 Nge7 12. Qh3 f6 13. b4 Bb6 14. Be6 Nd8 15.
Bd7+ Kf8 16. Ba4 Ndc6 17. Bb3 f5 18. Re1 f4 19. g4 h5 20. g5 Nd8 21. a4 a5 22.
b5 c5 23. c4 Bc7 24. Kh1 b6 25. Rg1 Qe6 26. Qf1 g6 27. h3 Nf7 28. Kh2 Bd8 29.
Rg2 1/2-1/2

[Event "AUTO-INT-3301"]
[Site "http://www.queenalice.com/game.php?id=1530700"]
[Date "2018.6.11"]
[Round "2"]
[White "Deco30"]
[Black "byyonico"]
[Result "0-1"]
[WhiteElo "1714"]
[BlackElo "1654"]

1. e4 c5 2. Bc4 e6 3. d4 cxd4 4. Qxd4 Nc6 5. Qd1 Be7 6. Nf3 d6 7. b3 Nf6 8. e5
dxe5 9. Qxd8+ Nxd8 10. Nxe5 O-O 11. O-O Bc5 12. Re1 a6 13. Bg5 b5 14. Be2 Ne4
15. Nd3 Bd4 16. c3 Nxc3 17. Bf3 Ne2+ 18. Rxe2 Bxa1 19. Bxa8 Bb7 20. Bxb7 Nxb7
21. Be7 Re8 22. Ba3 Bd4 23. Nd2 Rc8 24. Nf3 Bb6 25. Nfe5 Bd4 26. Nf3 a5 27. Nxd4
b4 28. Bb2 Nd6 29. g3 h6 30. h4 f5 31. Nxe6 g6 32. Be5 Ne4 33. Nef4 Kf7 34. Kg2
Nc3 35. Rc2 g5 36. hxg5 hxg5 37. Nh5 Kg6 38. Ng7 Rd8 39. Rd2 Ne4 40. Rd1 Rd7 0-1

[Event "AUTO-INT-3301"]
[Site "http://www.queenalice.com/game.php?id=1530703"]
[Date "2018.6.11"]
[Round "2"]
[White "zmanomega"]
[Black "Deco30"]
[Result "1-0"]
[WhiteElo "1695"]
[BlackElo "1731"]

1. e4 e5 2. f4 exf4 3. Nf3 d6 4. c3 Nf6 5. d3 Nh5 6. d4 Bg4 7. Be2 Bd7 8. O-O g5
9. e5 d5 10. c4 c5 11. cxd5 Qb6 12. Nxg5 Bb5 13. Bxb5+ Qxb5 14. d6 h6 15. Qxh5
hxg5 16. Qxh8 cxd4 17. Re1 Qc5 18. Kh1 Nc6 19. Nd2 O-O-O 20. Qf6 Bxd6 21. exd6
Rxd6 22. Re8+ Kc7 23. Qxf7+ Kb6 24. Nc4+ Ka6 25. Nxd6 Qxd6 26. Qc4+ b5 27. Qd3
Kb6 28. Bd2 Ne5 29. Qe2 Nc6 30. Rc1 Qd5 31. Rc8 Nd8 32. Qd3 Ne6 33. R8c6+ Qxc6
34. Rxc6+ Kxc6 35. Ba5 a6 36. Qg6 Kd7 37. Bb6 b4 38. Ba5 b3 39. axb3 Nc5 40.
Qf7+ Kc6 41. Qc7+ Kd5 42. b4 Ne6 43. Qb6 d3 44. Qxa6 Kd4 45. Qxe6 d2 46. Qe2 g4
47. Qxd2+ Ke4 48. b5 g3 49. b6 gxh2 50. Qe2+ Kf5 51. b7 f3 52. Qc2+ Kg4 53.
gxf3+ Kg3 54. b8=Q+ Kh3 55. Qcxh2# 1-0

[Event "AUTO-INT-3301"]
[Site "http://www.queenalice.com/game.php?id=1530704"]
[Date "2018.6.11"]
[Round "2"]
[White "Deco30"]
[Black "zmanomega"]
[Result "1/2-1/2"]
[WhiteElo "1733"]
[BlackElo "1693"]

1. e4 e5 2. Nf3 d6 3. d4 Qe7 4. d5 Bg4 5. Be2 f6 6. h3 Bxf3 7. Bxf3 g6 8. Qd3 b6
9. c4 Nd7 10. b3 Nh6 11. Bxh6 Nc5 12. Qd2 g5 13. Bxf8 Qxf8 14. g4 h6 15. Nc3 Qe7
16. O-O a6 17. b4 Nb7 18. a4 a5 19. b5 Nc5 20. Rab1 O-O-O 21. Rfe1 Nb7 22. Qd1
Nc5 23. Ne2 Nb7 24. Ng3 Qd7 25. Nf5 Rh7 26. Qd2 Nc5 27. Qd1 Nb7 28. Ne3 Nc5 29.
Nf5 Re8 30. Qc2 Rg8 31. Ng3 Rgg7 32. Nf5 Rf7 33. Ng3 Nb7 34. Nh5 Rf8 35. Ng3
Rff7 36. Nf5 Rf8 37. Ne3 Rff7 38. c5 Nxc5 39. Nc4 Rf8 40. Be2 Rff7 41. Rbc1 Rf8
42. Red1 Rff7 43. Rb1 Rf8 44. Rd3 Kd8 45. Rc3 Rff7 46. Bf3 Qc8 47. Rb2 Rd7 48.
Qd1 Ke8 49. Qc2 Qb7 50. Bd1 Kf8 1/2-1/2

[Event "AUTO-INT-3301"]
[Site "http://www.queenalice.com/game.php?id=1530707"]
[Date "2018.6.11"]
[Round "2"]
[White "Deco30"]
[Black "cristianoreboucasbc"]
[Result "0-1"]
[WhiteElo "1742"]
[BlackElo "1861"]

1. e4 e5 2. Nf3 d6 3. d4 Nd7 4. dxe5 Nxe5 5. Nxe5 dxe5 6. Qxd8+ Kxd8 7. Bd3 c6
8. O-O f6 9. f3 Ne7 10. c4 g5 11. g4 Ng6 12. h3 Bc5+ 13. Kh2 h5 14. a3 Nf4 15.
Bc2 hxg4 16. Bxf4 Rxh3+ 17. Kg2 exf4 18. Rd1+ Kc7 19. fxg4 Bxg4 20. Re1 f3+ 21.
Kf1 Rh1# 0-1

[Event "AUTO-INT-3301"]
[Site "http://www.queenalice.com/game.php?id=1530708"]
[Date "2018.6.11"]
[Round "2"]
[White "cristianoreboucasbc"]
[Black "Deco30"]
[Result "1-0"]
[WhiteElo "1825"]
[BlackElo "1696"]

1. e4 e5 2. Nf3 Nc6 3. Bb5 a6 4. Bxc6 dxc6 5. Nxe5 Qd4 6. f4 Qxe4+ 7. Qe2 Qxe2+
8. Kxe2 f6 9. Nc4 Bg4+ 10. Ke1 O-O-O 11. Nc3 Re8+ 12. Ne3 Bc5 13. h3 Bh5 14. g4
Bf7 15. a3 Bd5 16. Nxd5 cxd5 17. b4 Bd4 18. c3 Rxe3+ 19. Kd1 Re4 20. cxd4 Rxf4
21. Bb2 b5 22. Kc2 g6 23. Rae1 Re4 24. Rxe4 dxe4 25. Rf1 g5 26. Re1 f5 27. d5
Nf6 28. Bxf6 Rf8 29. Bxg5 Rg8 30. Bf4 Rd8 31. gxf5 Rxd5 32. f6 Rf5 33. Rxe4 Rxf6
34. Bg5 Rc6+ 35. Kb2 h6 36. Be3 Kd7 37. Rh4 Re6 38. Rxh6 Rxh6 39. Bxh6 Ke7 40.
h4 Kf7 41. h5 Kg8 42. d4 Kh7 43. Bf4 1-0

[Event "AUTO-ADV-4570"]
[Site "http://www.queenalice.com/game.php?id=1777647"]
[Date "2021.12.19"]
[Round "1"]
[White "BobFicha"]
[Black "Deco30"]
[Result "1-0"]
[WhiteElo "2044"]
[BlackElo "1703"]

1. e4 e5 2. Nf3 Nc6 3. Bc4 Nf6 4. Ng5 d5 5. exd5 Nxd5 6. Qf3 Qxg5 7. Bxd5 Nd8 8.
Nc3 Bg4 9. Qg3 Qg6 10. Be4 Qe6 11. f3 Bf5 12. Bd5 Qd7 13. Qxe5+ Qe7 14. Qxe7+
Kxe7 15. d3 c6 16. Be4 Be6 17. Be3 f5 18. O-O-O fxe4 19. dxe4 b6 20. Bg5+ Ke8
21. a3 h6 22. Be3 Nf7 23. f4 Bg4 24. Rd3 Be7 25. h3 Be6 26. Bd4 Rg8 27. f5 Bg5+
28. Kb1 Bc4 29. Rdd1 Rd8 30. g3 c5 31. Bf2 Ba6 32. h4 Bd2 33. Nd5 Bc4 34. Rxd2
Bxd5 35. exd5 Kf8 36. g4 Ne5 37. g5 h5 38. g6 Rd6 39. Bg3 Nc4 40. Bxd6+ Nxd6 41.
Rf2 Ne4 42. Rf4 Ng3 43. Re1 c4 44. Rxc4 Nxf5 45. Rc8# 1-0

[Event "AUTO-ADV-4570"]
[Site "http://www.queenalice.com/game.php?id=1777648"]
[Date "2021.12.19"]
[Round "1"]
[White "Deco30"]
[Black "BobFicha"]
[Result "0-1"]
[WhiteElo "1709"]
[BlackElo "1960"]

1. e4 e5 2. Bc4 Nf6 3. d3 Bc5 4. Nh3 d5 5. Bb5+ c6 6. Ba4 b5 7. Bb3 Bxh3 8. gxh3
O-O 9. Rg1 g6 10. Bh6 Re8 11. Bg5 Qd6 12. Bxf6 Qxf6 13. Rg2 dxe4 14. dxe4 Rd8
15. Nd2 Qh4 16. Qf3 Rd7 17. O-O-O a5 18. a4 Qh6 19. c3 b4 20. c4 Na6 21. Qg3 Bd4
22. f3 Nc5 23. Bc2 b3 24. Bxb3 Nxb3+ 25. Kc2 Nc5 26. b3 Qe3 27. Rb1 Qc3+ 28. Kd1
Be3 29. Ke2 Rxd2+ 30. Kf1 Qd3+ 31. Ke1 Qxb1# 0-1

[Event "AUTO-ADV-4570"]
[Site "http://www.queenalice.com/game.php?id=1777665"]
[Date "2021.12.19"]
[Round "1"]
[White "Deco30"]
[Black "NickThorp"]
[Result "1-0"]
[WhiteElo "1685"]
[BlackElo "1620"]

1. e4 e5 2. Bc4 Bc5 3. Qf3 Nf6 4. d3 h6 5. Bd2 Nc6 6. Ne2 d6 7. h3 O-O 8. Nbc3
a6 9. Nd5 Nxd5 10. Bxd5 Nd4 11. Nxd4 Bxd4 12. c3 Bb6 13. Qg3 Qf6 14. f3 c6 15.
Bb3 Be6 16. Bxe6 Qxe6 17. b3 c5 18. c4 Qf6 19. h4 a5 20. a4 Rfe8 21. O-O-O Bd8
22. h5 b6 23. Qh3 Re6 24. g4 g5 25. Rh2 Qg7 26. Rdh1 f6 27. Qg2 Qh7 28. Kb1 Kf7
29. Ka2 Ke7 30. Bc1 Kd7 31. Bd2 Kc6 32. Kb1 Re7 33. Ka2 Bc7 34. Kb2 Rd7 35. Ka2
Qg7 36. Bc1 Rb8 37. Bd2 Bd8 38. Bc1 Be7 39. Be3 Qf7 40. Bd2 Rbb7 41. Bc3 Kc7 42.
Bd2 Kc6 43. Bc3 Qg7 44. Bd2 Kc7 45. Bc3 Kc6 46. Bd2 Kc7 47. Be3 Kc6 48. Bc1 Kc7
49. Bb2 Kc6 50. Re1 Kc7 51. Qh1 Kc6 52. Rhe2 Kc7 53. Bc3 Kc6 54. f4 gxf4 55. d4
cxd4 56. Bxd4 exd4 57. e5+ Kc7 58. exd6+ Bxd6 59. Re6 Be5 60. Qc6+ Kd8 61. Qg2
Qf7 62. R6xe5 fxe5 63. Rxe5 f3 64. Qf2 d3 65. Rf5 Qe6 66. Rf8+ Kc7 67. Qg3+ Rd6
68. Qxf3 d2 69. Rf7+ Kb8 70. Qxb7# 1-0

[Event "AUTO-ADV-4570"]
[Site "http://www.queenalice.com/game.php?id=1777666"]
[Date "2021.12.19"]
[Round "1"]
[White "NickThorp"]
[Black "Deco30"]
[Result "1-0"]
[WhiteElo "1710"]
[BlackElo "1701"]

1. e4 e5 2. Nf3 Nc6 3. Bb5 a6 4. Ba4 b5 5. Bb3 Nf6 6. d3 Bb4+ 7. Bd2 Bxd2+ 8.
Qxd2 d6 9. Nc3 Bg4 10. Ng5 Bh5 11. O-O h6 12. Nh3 Nd4 13. Nd5 Nxb3 14. axb3 Nxd5
15. exd5 g5 16. f3 f6 17. g4 Bf7 18. c4 c5 19. Nf2 b4 20. Ne4 a5 21. h3 Qe7 22.
Kg2 O-O-O 23. Rxa5 Qf8 24. Nxf6 h5 25. Qxg5 Qh6 26. Qxh6 Rxh6 27. Ra8+ Kc7 28.
Ra7+ Kb6 29. Rxf7 h4 30. Ne4 Rhh8 31. Ra1 Ra8 32. Rxa8 Rxa8 33. Nxd6 Ra2 34.
Rb7+ Ka6 35. Rb5 Rxb2+ 36. Kf1 Rxb3 37. Ke2 Rb2+ 38. Ke3 b3 39. Rxc5 Kb6 40.
Rb5+ Ka6 41. c5 Rb1 42. Rb8 Ka7 43. Rb4 b2 44. Kd2 Ka6 45. Kc2 Ka5 46. Rxb2
Rxb2+ 47. Kxb2 Ka6 48. c6 Kb6 49. g5 Kc7 50. g6 Kxd6 51. g7 Kc7 52. g8=Q Kd6 53.
Qe6+ Kc5 54. c7 Kd4 55. c8=Q Kxd3 56. Qc3+ Ke2 57. Qexe5+ Kf2 58. Qh2+ Kf1 59.
Qc1# 1-0

[Event "AUTO-ADV-4570"]
[Site "http://www.queenalice.com/game.php?id=1777667"]
[Date "2021.12.19"]
[Round "1"]
[White "Deco30"]
[Black "Atacante"]
[Result "1-0"]
[WhiteElo "1694"]
[BlackElo "1675"]

1. e4 Nf6 2. Nc3 e5 3. Nf3 d6 4. d4 exd4 5. Qxd4 Nc6 6. Qa4 Bd7 7. Bb5 Be7 8.
Bg5 Ne5 9. Nxe5 dxe5 10. O-O-O c6 11. Be2 Qc7 12. b4 b5 13. Qa3 a5 14. Qb2 axb4
15. Bxf6 Bxf6 16. Qxb4 1-0

[Event "AUTO-ADV-4570"]
[Site "http://www.queenalice.com/game.php?id=1777668"]
[Date "2021.12.19"]
[Round "1"]
[White "Atacante"]
[Black "Deco30"]
[Result "0-1"]
[WhiteElo "1692"]
[BlackElo "1677"]

1. e3 e5 2. Bc4 d5 3. Be2 e4 4. d3 f5 5. d4 c6 6. Nc3 g6 7. f3 Bb4 8. f4 Bxc3+
9. bxc3 Qa5 10. Bd2 Qc7 11. Nh3 b5 12. a4 a6 13. a5 Nf6 14. Ng5 O-O 15. Qb1 h6
16. Nh3 Bd7 17. O-O Be6 0-1